| 000 | 00625nam a2200181Ia 4500 | ||
|---|---|---|---|
| 008 | 090124s9999 xx 000 0 und d | ||
| 082 |
_b813 _a497 |
||
| 100 | _aगुर्जर वि.सी.(विठ्ठल सीताराम ) | ||
| 245 | _a ह्रिक-वलय | ||
| 250 | _a100 | ||
| 260 | _c1912 | ||
| 300 | _a110 | ||
| 600 | _aगुर्जर वि.सी.(विठ्ठल सीताराम ) | ||
| 630 | _a ह्रिक-वलय | ||
| 700 | _aगुर्जर वि.सी.(विठ्ठल सीताराम ) | ||
| 730 | _a ह्रिक-वलय | ||
| 942 | _cBOOK | ||
| 999 |
_c114773 _d114773 |
||